[Event "37. Copenhagen Open (Politiken Cup)"]
[Site "Elsinore"]
[Date "2015.07.25"]
[Round "1"]
[White "Christiansen, Niels Jorgen"]
[Black "Olsen, Michael Richard W"]
[Result "0-1"]
[WhiteElo "1625"]
[BlackElo "2070"]
[PlyCount "52"]
[EventDate "2015.07.25"]
[EventType "swiss"]
[EventRounds "10"]
[EventCountry "DEN"]
[Source "ChessBase"]
[SourceDate "2015.09.14"]

1. d4 Nf6 2. c4 c5 3. d5 e5 4. Nc3 d6 5. e4 Be7 6. Nf3 Nbd7 7. Be2 Nf8 8. Rb1
Ng6 9. b4 cxb4 10. Rxb4 O-O 11. O-O Nd7 12. Be3 b6 13. Nd2 Nc5 14. Na4 Na6 15.
Rb1 f5 16. exf5 Bxf5 17. Rb2 Bf6 18. Nf3 Rc8 19. Qd2 Qd7 20. Nc3 Nc5 21. Bg5 e4
22. Bxf6 exf3 23. Bxg7 fxe2 24. Bxf8 exf1=R+ 25. Kxf1 Rxf8 26. Qg5 Qg7 0-1

[Event "37. Copenhagen Open (Politiken Cup)"]
[Site "Elsinore"]
[Date "2015.07.25"]
[Round "1"]
[White "Christophersen, David"]
[Black "Adan Bermudez, Sergio"]
[Result "0-1"]
[WhiteElo "1854"]
[BlackElo "2402"]
[PlyCount "64"]
[EventDate "2015.07.25"]
[EventType "swiss"]
[EventRounds "10"]
[EventCountry "DEN"]
[Source "ChessBase"]
[SourceDate "2015.09.14"]

1. d4 d6 2. Bf4 Nf6 3. Nf3 g6 4. e3 Bg7 5. Nbd2 O-O 6. Bd3 c5 7. c3 Nc6 8. O-O
h6 9. h3 e5 10. Bh2 Qe7 11. Qc2 Re8 12. dxe5 dxe5 13. Ne4 Nd5 14. Rad1 Be6 15.
Bb5 Rad8 16. Bxc6 bxc6 17. Qa4 f5 18. Ned2 Nb6 19. Qxc6 e4 20. Ne5 Rc8 21. Nxg6
Rxc6 22. Nxe7+ Rxe7 23. Nb3 Nc4 24. Rd8+ Kf7 25. Rb1 Re8 26. Rdd1 a5 27. Nd2
Ne5 28. Nb3 a4 29. Na5 Rb6 30. Bxe5 Bxe5 31. b4 Bxc3 32. Rbc1 cxb4 0-1

[Event "37. Copenhagen Open (Politiken Cup)"]
[Site "Elsinore"]
[Date "2015.07.25"]
[Round "1"]
[White "Dalsberg, Sandra de Blecourt"]
[Black "Maechel, Michael"]
[Result "1/2-1/2"]
[WhiteElo "2157"]
[BlackElo "1738"]
[PlyCount "58"]
[EventDate "2015.07.25"]
[EventType "swiss"]
[EventRounds "10"]
[EventCountry "DEN"]
[Source "ChessBase"]
[SourceDate "2015.09.14"]

1. d4 Nf6 2. c4 Nc6 3. Nf3 e6 4. a3 a5 5. Nc3 d5 6. Bg5 Be7 7. e3 O-O 8. Qc2
Nb8 9. Bd3 h6 10. Bh4 Nbd7 11. O-O c6 12. cxd5 Nxd5 13. Bg3 Nxc3 14. Qxc3 Nf6
15. e4 Nh5 16. Nd2 Nxg3 17. hxg3 c5 18. dxc5 Bxc5 19. Nb3 Bb6 20. Rad1 Qg5 21.
Be2 a4 22. Rd6 Ba7 23. Nd4 Qc5 24. Nb5 Qxc3 25. Nxc3 Bc5 26. Rd2 b6 27. Rc1 Bb7
28. Nb5 Bxe4 29. Rc4 Bd5 1/2-1/2

[Event "37. Copenhagen Open (Politiken Cup)"]
[Site "Elsinore"]
[Date "2015.07.25"]
[Round "1"]
[White "Delorme, Axel"]
[Black "Pedersen, Lars Foldager"]
[Result "1-0"]
[WhiteElo "2484"]
[BlackElo "1907"]
[PlyCount "49"]
[EventDate "2015.07.25"]
[EventType "swiss"]
[EventRounds "10"]
[EventCountry "DEN"]
[Source "ChessBase"]
[SourceDate "2015.09.14"]

1. Nf3 Nf6 2. d4 d5 3. c4 e6 4. g3 Be7 5. Bg2 O-O 6. O-O b6 7. cxd5 exd5 8. Nc3
Bb7 9. Bf4 c5 10. dxc5 bxc5 11. Ne5 Nbd7 12. Nc4 Nb6 13. Na5 Ba6 14. Nc6 Qd7
15. Nxd5 Nfxd5 16. Bxd5 Bf6 17. Bf3 Bxb2 18. Qxd7 Nxd7 19. Ne7+ Kh8 20. Rab1
Bd4 21. Bxa8 Rxa8 22. Rfe1 Re8 23. Nc6 Bxe2 24. Be3 Rc8 25. Rxe2 1-0

[Event "37. Copenhagen Open (Politiken Cup)"]
[Site "Elsinore"]
[Date "2015.07.25"]
[Round "1"]
[White "Djurhuus, Eivind X"]
[Black "Howell, Alun"]
[Result "1-0"]
[WhiteElo "2149"]
[BlackElo "1732"]
[PlyCount "85"]
[EventDate "2015.07.25"]
[EventType "swiss"]
[EventRounds "10"]
[EventCountry "DEN"]
[Source "ChessBase"]
[SourceDate "2015.09.14"]

1. c4 Nf6 2. Nf3 e6 3. g3 Be7 4. Bg2 O-O 5. O-O c6 6. d4 d5 7. Qc2 b6 8. Nbd2
Bb7 9. Rd1 Nbd7 10. e4 dxe4 11. Nxe4 Nxe4 12. Qxe4 Nf6 13. Qe2 Qc7 14. Bf4 Bd6
15. Ne5 Nd7 16. Nxd7 Qxd7 17. Bxd6 Qxd6 18. Rac1 Rfd8 19. c5 Qc7 20. b4 b5 21.
a4 a6 22. a5 Re8 23. f4 Rad8 24. h4 f6 25. Rc3 Re7 26. Re3 Rde8 27. Bh3 Bc8 28.
Re1 Qd8 29. Qb2 Qd5 30. Bg2 Qd7 31. f5 Kf8 32. Qe2 e5 33. dxe5 Rxe5 34. Qf2 Qc7
35. Rxe5 Rxe5 36. Rxe5 fxe5 37. f6 Be6 38. Be4 Kf7 39. fxg7+ Kxg7 40. Qf3 Bd7
41. Qh5 Qd8 42. Qxh7+ Kf6 43. Qg6+ 1-0

[Event "37. Copenhagen Open (Politiken Cup)"]
[Site "Elsinore"]
[Date "2015.07.25"]
[Round "1"]
[White "Edwardsson, Hannu Kalervo"]
[Black "Van den Boogaart, Jan Maarten"]
[Result "0-1"]
[WhiteElo "1452"]
[BlackElo "2024"]
[PlyCount "78"]
[EventDate "2015.07.25"]
[EventType "swiss"]
[EventRounds "10"]
[EventCountry "DEN"]
[Source "ChessBase"]
[SourceDate "2015.09.14"]

1. e4 c5 2. c4 Nc6 3. Nf3 g6 4. Be2 Bg7 5. O-O d6 6. Nc3 Nf6 7. d4 cxd4 8. Nxd4
Bd7 9. Nxc6 Bxc6 10. f3 O-O 11. Be3 Qd7 12. Rb1 Rfd8 13. Qd2 b6 14. b4 Rac8 15.
b5 Ba8 16. a4 Qc7 17. Nd5 Bxd5 18. exd5 Nd7 19. Kh1 Qb7 20. Rfd1 Rc7 21. Rf1
Rdc8 22. Rfd1 Ne5 23. Rdc1 Nxc4 24. Bxc4 Rxc4 25. Rxc4 Rxc4 26. g3 Qc8 27. Rc1
Rxc1+ 28. Qxc1 Qxc1+ 29. Bxc1 Bd4 30. Kg2 Kg7 31. f4 e6 32. dxe6 fxe6 33. Kf3
Kf7 34. Ke4 Bc3 35. g4 Ke7 36. Ba3 Kd7 37. g5 Be1 38. h3 Bd2 39. Kd3 Bxf4 0-1

[Event "37. Copenhagen Open (Politiken Cup)"]
[Site "Elsinore"]
[Date "2015.07.25"]
[Round "1"]
[White "Ekeberg, Carl Fredrik"]
[Black "Thybo, Thomas Sondergaard"]
[Result "1/2-1/2"]
[WhiteElo "2267"]
[BlackElo "1831"]
[PlyCount "81"]
[EventDate "2015.07.25"]
[EventType "swiss"]
[EventRounds "10"]
[EventCountry "DEN"]
[Source "ChessBase"]
[SourceDate "2015.09.14"]

1. c4 g6 2. g3 Bg7 3. Bg2 c5 4. Nc3 Nc6 5. a3 d6 6. Rb1 a5 7. Nf3 Nf6 8. O-O
Bf5 9. d3 Qd7 10. Bg5 Rd8 11. Re1 h6 12. Bxf6 Bxf6 13. Nd5 Bg7 14. Qd2 Be6 15.
Nf4 Bg4 16. Nd5 Be6 17. Nf4 Bg4 18. h3 Bxf3 19. Bxf3 e5 20. Bg4 f5 21. Nxg6
fxg4 22. Nxh8 Qf5 23. hxg4 Qxg4 24. Kg2 Ke7 25. Rh1 Rxh8 26. Rh4 Qg6 27. Rbh1
h5 28. e4 Bf6 29. R4h3 h4 30. Kf1 Rg8 31. Ke1 Nd4 32. Qd1 Qg4 33. Qxg4 Rxg4 34.
Kf1 hxg3 35. fxg3 Rg7 36. Rh7 Kf7 37. Kg2 Ne6 38. Rxg7+ Kxg7 39. Kf3 Nd4+ 40.
Kf2 a4 41. Ke1 1/2-1/2

[Event "37. Copenhagen Open (Politiken Cup)"]
[Site "Elsinore"]
[Date "2015.07.25"]
[Round "1"]
[White "Engel, Luis"]
[Black "Moller, Arne"]
[Result "1-0"]
[WhiteElo "2200"]
[BlackElo "1787"]
[PlyCount "45"]
[EventDate "2015.07.25"]
[EventType "swiss"]
[EventRounds "10"]
[EventCountry "DEN"]
[Source "ChessBase"]
[SourceDate "2015.09.14"]

1. e4 c5 2. Nf3 d6 3. d4 cxd4 4. Nxd4 Nf6 5. Nc3 a6 6. h3 Nc6 7. Be3 Nxd4 8.
Qxd4 e5 9. Qd3 Bd7 10. g4 h6 11. O-O-O b5 12. f4 b4 13. Nd5 Nxd5 14. exd5 Bb5
15. Qe4 Be7 16. fxe5 O-O 17. e6 Bf6 18. Kb1 Qc7 19. h4 Be5 20. g5 h5 21. Bh3
Be8 22. exf7+ Bxf7 23. g6 1-0

[Event "37. Copenhagen Open (Politiken Cup)"]
[Site "Elsinore"]
[Date "2015.07.25"]
[Round "1"]
[White "Engel, Robert"]
[Black "Ranaldi, Lucas"]
[Result "1-0"]
[WhiteElo "1725"]
[BlackElo "2142"]
[PlyCount "145"]
[EventDate "2015.07.25"]
[EventType "swiss"]
[EventRounds "10"]
[EventCountry "DEN"]
[Source "ChessBase"]
[SourceDate "2015.09.14"]

1. e4 c5 2. Nf3 g6 3. d4 cxd4 4. Nxd4 Bg7 5. c4 Nc6 6. Nc2 Nf6 7. Nc3 O-O 8.
Be3 d6 9. Be2 Nd7 10. Qd2 b6 11. f3 Bb7 12. O-O Rc8 13. Rac1 Nce5 14. b3 Nc5
15. Rfd1 f5 16. exf5 Rxf5 17. Nd4 Rf7 18. b4 Na6 19. Ncb5 Ra8 20. Ne6 Qd7 21.
Nxg7 Kxg7 22. Bd4 Qf5 23. Bd3 Qf4 24. Qxf4 Rxf4 25. Bxe5+ dxe5 26. a3 h6 27.
Bf1 Bc6 28. Re1 Kf6 29. Re3 e4 30. Nd4 Bb7 31. g3 g5 32. gxf4 gxf4 33. Rxe4
Bxe4 34. fxe4 Nc7 35. c5 Ke5 36. cxb6 axb6 37. Nf3+ Kd6 38. e5+ Kd7 39. Bh3+ e6
40. Rd1+ Ke7 41. Rd3 Nb5 42. Nd4 Nxd4 43. Rxd4 Rxa3 44. Bf1 Re3 45. Rxf4 Rxe5
46. Rh4 Rg5+ 47. Kf2 Rf5+ 48. Ke1 Rf6 49. Bd3 e5 50. Rg4 Rd6 51. Ke2 Kf7 52.
Ke3 h5 53. Rh4 Rh6 54. Ke4 Ke6 55. Be2 Rf6 56. Bxh5 Rf1 57. Be2 Rf6 58. Rg4 Rf2
59. Bc4+ Kf6 60. h3 Rd2 61. Bd3 Rh2 62. Rg3 b5 63. Rf3+ Ke7 64. Kxe5 Rb2 65.
Rf4 Rb3 66. Rd4 Rc3 67. h4 Rc6 68. Bxb5 Rh6 69. Bd7 Rh5+ 70. Bf5 Ke8 71. Kf6
Rh6+ 72. Bg6+ Rxg6+ 73. Kxg6 1-0

[Event "37. Copenhagen Open (Politiken Cup)"]
[Site "Elsinore"]
[Date "2015.07.25"]
[Round "1"]
[White "Formanek, Edward W"]
[Black "Petersen, Jan"]
[Result "1-0"]
[WhiteElo "2121"]
[BlackElo "1699"]
[PlyCount "91"]
[EventDate "2015.07.25"]
[EventType "swiss"]
[EventRounds "10"]
[EventCountry "DEN"]
[Source "ChessBase"]
[SourceDate "2015.09.14"]

1. e4 e6 2. d4 d5 3. e5 c5 4. c3 Qb6 5. Nf3 Nc6 6. a3 Bd7 7. b4 cxd4 8. cxd4
Rc8 9. Be3 Nge7 10. Be2 Nf5 11. O-O Nxe3 12. fxe3 Be7 13. Nbd2 O-O 14. Nb3 Nxb4
15. axb4 Bxb4 16. Nc1 Bc3 17. Ra2 Bb2 18. Nd3 Bc3 19. Qb1 Bb5 20. Nc5 Bxe2 21.
Rxe2 Qxb1 22. Rxb1 b6 23. Nd3 Rc4 24. Rc2 Rfc8 25. Kf1 Kf8 26. Ke2 Ke7 27. Kd1
Kd7 28. Nf4 f6 29. Ne2 Ba5 30. Rxc4 dxc4 31. Kc2 a6 32. exf6 gxf6 33. Nf4 Kd6
34. g3 e5 35. dxe5+ fxe5 36. Rd1+ Kc5 37. Nxe5 b5 38. Ne6+ Kb4 39. Rb1+ Ka4 40.
Nd4 Rc5 41. Ra1+ Kb4 42. Nec6+ Rxc6 43. Nxc6+ Kc5 44. Nxa5 b4 45. Nxc4 Kxc4 46.
Rxa6 1-0

[Event "37. Copenhagen Open (Politiken Cup)"]
[Site "Elsinore"]
[Date "2015.07.25"]
[Round "1"]
[White "Fossan, Aleksander"]
[Black "Thorsbro, Peter"]
[Result "0-1"]
[WhiteElo "1798"]
[BlackElo "2216"]
[PlyCount "64"]
[EventDate "2015.07.25"]
[EventType "swiss"]
[EventRounds "10"]
[EventCountry "DEN"]
[Source "ChessBase"]
[SourceDate "2015.09.14"]

1. e4 c6 2. d4 d5 3. exd5 cxd5 4. c4 Nf6 5. Nc3 Nc6 6. Nf3 Bg4 7. cxd5 Nxd5 8.
Qb3 Bxf3 9. gxf3 Nb6 10. d5 Nd4 11. Qd1 e5 12. dxe6 fxe6 13. Be3 Bc5 14. Bb5+
Kf7 15. O-O Nxb5 16. Qxd8 Rhxd8 17. Nxb5 Bxe3 18. fxe3 a6 19. Na3 Rd2 20. Rfc1
Rad8 21. Rc7+ Kf6 22. b3 Nd5 23. Rxb7 Nxe3 24. Nc4 Nxc4 25. bxc4 Rc2 26. Rc7
Rdd2 27. c5 Rg2+ 28. Kh1 Rxh2+ 29. Kg1 Rhg2+ 30. Kh1 h5 31. Ra7 h4 32. c6 h3
0-1

[Event "37. Copenhagen Open (Politiken Cup)"]
[Site "Elsinore"]
[Date "2015.07.25"]
[Round "1"]
[White "Fossan, Andreas"]
[Black "Bijlsma, Nick"]
[Result "0-1"]
[WhiteElo "1840"]
[BlackElo "2298"]
[PlyCount "48"]
[EventDate "2015.07.25"]
[EventType "swiss"]
[EventRounds "10"]
[EventCountry "DEN"]
[Source "ChessBase"]
[SourceDate "2015.09.14"]

1. d4 d5 2. c4 dxc4 3. Nf3 Nf6 4. e3 e6 5. Bxc4 c5 6. O-O a6 7. Nc3 Nc6 8. dxc5
Qxd1 9. Rxd1 Bxc5 10. a3 b5 11. Be2 O-O 12. b4 Be7 13. Bb2 Bb7 14. Rac1 Rfd8
15. Nd2 Rac8 16. Nce4 Nxe4 17. Nxe4 Nxb4 18. Rxd8+ Rxd8 19. Nc5 Na2 20. Nxb7
Nxc1 21. Bxc1 Rc8 22. Bb2 Rc2 23. Bxg7 Rc1+ 24. Bf1 Kxg7 0-1

[Event "37. Copenhagen Open (Politiken Cup)"]
[Site "Elsinore"]
[Date "2015.07.25"]
[Round "1"]
[White "Fransson, Pia"]
[Black "Lund, Per"]
[Result "0-1"]
[WhiteElo "1511"]
[BlackElo "2029"]
[PlyCount "82"]
[EventDate "2015.07.25"]
[EventType "swiss"]
[EventRounds "10"]
[EventCountry "DEN"]
[Source "ChessBase"]
[SourceDate "2015.09.14"]

1. d4 d5 2. Nf3 Nf6 3. c4 e6 4. g3 Be7 5. Bg2 O-O 6. O-O Nbd7 7. Qc2 b6 8. cxd5
exd5 9. Rd1 Bb7 10. Nbd2 Rc8 11. Ne5 c5 12. Ndf3 cxd4 13. Qa4 Nc5 14. Qxd4 Ne6
15. Qa4 a6 16. b4 b5 17. Qb3 Ne4 18. Be3 Rc3 19. Qb2 Qc7 20. Rac1 Rc8 21. Rxc3
Qxc3 22. Qxc3 Nxc3 23. Rd3 Nxa2 24. Nxf7 Nxb4 25. Bh3 Kxf7 26. Ne5+ Ke8 27.
Bxe6 Nxd3 28. Bxc8 Bxc8 29. Nxd3 b4 30. Kf1 b3 31. Bd4 Bf6 32. e3 Bf5 33. Nb2
Bxd4 34. exd4 Kd7 35. Ke1 Kc6 36. Kd2 Kb5 37. Kc3 Bc2 38. f4 a5 39. g4 a4 40.
h4 a3 41. g5 a2 0-1

[Event "37. Copenhagen Open (Politiken Cup)"]
[Site "Elsinore"]
[Date "2015.07.25"]
[Round "1"]
[White "Franzen, Per Erik"]
[Black "Hinrichs, Kurt"]
[Result "1-0"]
[WhiteElo "1988"]
[BlackElo "1268"]
[PlyCount "31"]
[EventDate "2015.07.25"]
[EventType "swiss"]
[EventRounds "10"]
[EventCountry "DEN"]
[Source "ChessBase"]
[SourceDate "2015.09.14"]

1. d4 d5 2. Nf3 e6 3. c4 c5 4. cxd5 exd5 5. Nc3 Nf6 6. Bg5 Be7 7. e3 Nc6 8. Be2
O-O 9. dxc5 Bxc5 10. O-O Qb6 11. Bxf6 gxf6 12. Rc1 Be6 13. Na4 Qa5 14. Rxc5 Qd8
15. Nc3 Nb4 16. a3 1-0

[Event "37. Copenhagen Open (Politiken Cup)"]
[Site "Elsinore"]
[Date "2015.07.25"]
[Round "1"]
[White "Frisk, Hans"]
[Black "Gaure, Sigurd Lauvas"]
[Result "1-0"]
[WhiteElo "2013"]
[BlackElo "1406"]
[PlyCount "67"]
[EventDate "2015.07.25"]
[EventType "swiss"]
[EventRounds "10"]
[EventCountry "DEN"]
[Source "ChessBase"]
[SourceDate "2015.09.14"]

1. Nf3 d5 2. c4 Nf6 3. g3 dxc4 4. Na3 Qd5 5. Qa4+ Nc6 6. Qxc4 Be6 7. Qxd5 Bxd5
8. Bg2 Nd4 9. Nxd4 Bxg2 10. Rg1 Be4 11. d3 Bg6 12. Ndb5 O-O-O 13. Nxa7+ Kb8 14.
N7b5 c6 15. Bf4+ Kc8 16. Nc3 Nd5 17. Nxd5 Rxd5 18. Nc4 Rb5 19. a4 Rb4 20. a5 f6
21. Bd2 Rb5 22. a6 bxa6 23. Rxa6 Kb7 24. Ra5 e5 25. e4 Rxa5 26. Bxa5 Be7 27.
Ke2 Ra8 28. Bc3 Kc7 29. f4 exf4 30. gxf4 Bh5+ 31. Kd2 g5 32. fxg5 fxg5 33. Be5+
Kb7 34. Bd6 1-0

[Event "37. Copenhagen Open (Politiken Cup)"]
[Site "Elsinore"]
[Date "2015.07.25"]
[Round "1"]
[White "Gottschalck, Christian"]
[Black "Haria, Ravi"]
[Result "0-1"]
[WhiteElo "1830"]
[BlackElo "2261"]
[PlyCount "56"]
[EventDate "2015.07.25"]
[EventType "swiss"]
[EventRounds "10"]
[EventCountry "DEN"]
[Source "ChessBase"]
[SourceDate "2015.09.14"]

1. e4 e6 2. d4 d5 3. Nc3 Bb4 4. Nge2 Nc6 5. e5 f6 6. exf6 Qxf6 7. Be3 Nge7 8.
Qd3 O-O 9. O-O-O Qf7 10. f4 Nf5 11. Bg1 a5 12. g4 Nh4 13. Bh3 b6 14. Qg3 Ng6
15. Be3 Bd6 16. Rhf1 Ba6 17. Rf2 b5 18. Qg2 b4 19. f5 bxc3 20. fxg6 cxb2+ 21.
Kb1 Qxg6 22. Nf4 Bxf4 23. Bxf4 Nb4 24. Be5 Bc4 25. a3 Na2 26. Rxf8+ Rxf8 27.
Re1 Qg5 28. Bxc7 Qc1+ 0-1

[Event "37. Copenhagen Open (Politiken Cup)"]
[Site "Elsinore"]
[Date "2015.07.25"]
[Round "1"]
[White "Grove, Peter"]
[Black "Kristensen, Lars Ostergaard"]
[Result "1-0"]
[WhiteElo "2098"]
[BlackElo "1675"]
[PlyCount "71"]
[EventDate "2015.07.25"]
[EventType "swiss"]
[EventRounds "10"]
[EventCountry "DEN"]
[Source "ChessBase"]
[SourceDate "2015.09.14"]

1. e4 c6 2. d4 d5 3. exd5 cxd5 4. c4 Nf6 5. Nc3 Nc6 6. Bf4 a6 7. c5 e6 8. Nf3
Be7 9. Bd3 O-O 10. O-O Nb4 11. Bb1 b6 12. a3 Nc6 13. b4 Bd7 14. Qd3 bxc5 15.
bxc5 Re8 16. Bc2 g6 17. h3 Nh5 18. Bh2 Bf6 19. Rab1 Qa5 20. Rb7 Ra7 21. Bc7
Qxa3 22. Rb3 Qxb3 23. Bxb3 Rxc7 24. Ba4 a5 25. Ra1 Ng7 26. Qd2 Rb7 27. g4 Reb8
28. Bxc6 Bxc6 29. Rxa5 Rb2 30. Qf4 Bd8 31. Ra7 Be8 32. Ne5 R8b7 33. Ra8 Rb8 34.
Rxb8 Rxb8 35. Nxf7 Rb3 36. Nh6+ 1-0

[Event "37. Copenhagen Open (Politiken Cup)"]
[Site "Elsinore"]
[Date "2015.07.25"]
[Round "1"]
[White "Halvorsen, Benjamin"]
[Black "Levrand, Roland"]
[Result "0-1"]
[WhiteElo "1728"]
[BlackElo "2146"]
[PlyCount "72"]
[EventDate "2015.07.25"]
[EventType "swiss"]
[EventRounds "10"]
[EventCountry "DEN"]
[Source "ChessBase"]
[SourceDate "2015.09.14"]

1. e4 Nf6 2. e5 Nd5 3. d4 d6 4. Bc4 c6 5. Nf3 g6 6. O-O Bg7 7. Nc3 Nxc3 8. bxc3
O-O 9. Bf4 d5 10. Bd3 c5 11. Qd2 Nc6 12. h4 Bg4 13. Be2 Rc8 14. Kh2 Qa5 15. Rh1
cxd4 16. Nxd4 Bxe2 17. Qxe2 Qxc3 18. Nb5 Qb4 19. g3 a6 20. Rab1 Qc5 21. e6 axb5
22. Rxb5 Qa7 23. exf7+ Kh8 24. Rxd5 e5 25. Bxe5 Nxe5 26. Rxe5 Rxf7 27. Re3 Qxa2
28. h5 gxh5 29. Qxh5 Rcf8 30. Re2 Rf5 31. Qh3 Qf7 32. Kg1 Bd4 33. Rh2 Rxf2 34.
Rexf2 Bxf2+ 35. Kh1 Qf3+ 36. Rg2 Rf5 0-1

[Event "37. Copenhagen Open (Politiken Cup)"]
[Site "Elsinore"]
[Date "2015.07.25"]
[Round "1"]
[White "Hammer, Jon Ludvig"]
[Black "Rasmussen, Lars"]
[Result "1-0"]
[WhiteElo "2677"]
[BlackElo "1953"]
[PlyCount "59"]
[EventDate "2015.07.25"]
[EventType "swiss"]
[EventRounds "10"]
[EventCountry "DEN"]
[Source "ChessBase"]
[SourceDate "2015.09.14"]

1. Nf3 d5 2. g3 Nf6 3. Bg2 c6 4. O-O Bf5 5. c4 e6 6. cxd5 cxd5 7. Qb3 Qc7 8. d3
Nbd7 9. Bf4 Qb6 10. Qxb6 Nxb6 11. Nc3 Be7 12. Nb5 O-O 13. Nd6 Bxd6 14. Bxd6
Rfd8 15. Ba3 h6 16. Rfc1 Rdc8 17. Nd4 Bg6 18. f4 Bh7 19. h3 Nh5 20. Kf2 g5 21.
fxg5 hxg5 22. Nb5 Rxc1 23. Rxc1 Rc8 24. b3 f6 25. Nd6 Rxc1 26. Bxc1 Kf8 27.
Nxb7 Ke7 28. Ba3+ Ke8 29. Bb2 Bg8 30. g4 1-0

[Event "37. Copenhagen Open (Politiken Cup)"]
[Site "Elsinore"]
[Date "2015.07.25"]
[Round "1"]
[White "Hansen, Tommy"]
[Black "Nilssen, John Arni"]
[Result "1-0"]
[WhiteElo "1837"]
[BlackElo "2285"]
[PlyCount "101"]
[EventDate "2015.07.25"]
[EventType "swiss"]
[EventRounds "10"]
[EventCountry "DEN"]
[Source "ChessBase"]
[SourceDate "2015.09.14"]

1. e4 c5 2. Nc3 Nc6 3. Bb5 g6 4. Bxc6 bxc6 5. d3 d6 6. f4 Bg7 7. Nf3 Nh6 8. O-O
Rb8 9. Qe1 Qd7 10. b3 O-O 11. Bd2 f6 12. h3 Nf7 13. Qg3 Kh8 14. Rae1 Ba6 15.
Nd1 d5 16. e5 Nh6 17. c4 Bc8 18. exf6 Rxf6 19. f5 Rb7 20. Bxh6 Bxh6 21. Ne5 Qd6
22. fxg6 hxg6 23. Rxf6 Qxf6 24. Qxg6 Qxg6 25. Nxg6+ Kg7 26. Nxe7 Bd7 27. cxd5
cxd5 28. Nxd5 Bf5 29. Nf2 Kf7 30. g4 Be6 31. Nc3 Bd2 32. Nce4 Bxe1 33. Nd6+ Kf6
34. Nfe4+ Ke5 35. Nxb7 Bd5 36. Nbxc5 Kd4 37. a3 Bxe4 38. Nxe4 Kxd3 39. Nc5+ Ke2
40. Kg2 Bh4 41. a4 Ke3 42. Ne6 Ke4 43. Nf8 Be1 44. Ng6 a5 45. h4 Bd2 46. Kg3
Be1+ 47. Kh3 Bd2 48. g5 Kf5 49. Ne7+ Ke6 50. Nc6 Kf5 51. Nd4+ 1-0

[Event "37. Copenhagen Open (Politiken Cup)"]
[Site "Elsinore"]
[Date "2015.07.25"]
[Round "1"]
[White "Hansen, Verner"]
[Black "Haubro, Martin"]
[Result "0-1"]
[WhiteElo "1883"]
[BlackElo "2382"]
[PlyCount "76"]
[EventDate "2015.07.25"]
[EventType "swiss"]
[EventRounds "10"]
[EventCountry "DEN"]
[Source "ChessBase"]
[SourceDate "2015.09.14"]

1. e4 c5 2. Nc3 Nc6 3. d3 g6 4. Be3 d6 5. Qd2 Bg7 6. g3 h5 7. Bh3 Bxh3 8. Nxh3
Qd7 9. Nf4 e6 10. Ng2 Nge7 11. f4 b5 12. Rb1 b4 13. Ne2 O-O 14. O-O Qb7 15. e5
dxe5 16. Bxc5 Rad8 17. fxe5 Bxe5 18. Nef4 Qb5 19. Bxe7 Nxe7 20. c3 Bg7 21. Qe2
e5 22. Kh1 Qd7 23. Rbe1 bxc3 24. bxc3 exf4 25. Qxe7 fxg3 26. hxg3 Qxd3 27. Rd1
Qxd1 28. Rxd1 Rxd1+ 29. Kh2 Rb8 30. Qe2 Rbb1 31. g4 hxg4 32. Kg3 Rdc1 33. Qe8+
Bf8 34. Kxg4 Rxc3 35. Qe5 Rb4+ 36. Nf4 Rcc4 37. Kg5 Rxf4 38. Qb8 Rf5# 0-1

[Event "37. Copenhagen Open (Politiken Cup)"]
[Site "Elsinore"]
[Date "2015.07.25"]
[Round "1"]
[White "Haugli, Petter"]
[Black "Hansen, Ib Lynaes"]
[Result "1-0"]
[WhiteElo "2247"]
[BlackElo "1819"]
[PlyCount "48"]
[EventDate "2015.07.25"]
[EventType "swiss"]
[EventRounds "10"]
[EventCountry "DEN"]
[Source "ChessBase"]
[SourceDate "2015.09.14"]

1. d4 e6 2. c4 b6 3. Nc3 Bb7 4. Bf4 Be7 5. e4 Nf6 6. Bd3 d6 7. Nf3 O-O 8. O-O
Nbd7 9. Qc2 c5 10. e5 Nh5 11. exd6 Nxf4 12. dxe7 Qxe7 13. Bxh7+ Kh8 14. Be4 Nf6
15. Bxb7 Qxb7 16. dxc5 bxc5 17. Rfe1 Rfd8 18. Rad1 a6 19. b3 Rd4 20. Ne2 Rad8
21. Nxf4 Rxd1 22. Rxd1 Rxd1+ 23. Qxd1 Qe4 24. Nd3 Nd7 1-0

[Event "37. Copenhagen Open (Politiken Cup)"]
[Site "Elsinore"]
[Date "2015.07.25"]
[Round "1"]
[White "Hein, Jacob"]
[Black "Skovgaard, Tom"]
[Result "0-1"]
[WhiteElo "1441"]
[BlackElo "2022"]
[PlyCount "104"]
[EventDate "2015.07.25"]
[EventType "swiss"]
[EventRounds "10"]
[EventCountry "DEN"]
[Source "ChessBase"]
[SourceDate "2015.09.14"]

1. d4 Nf6 2. Nf3 e6 3. a3 Be7 4. Nc3 d5 5. e3 O-O 6. h4 c5 7. dxc5 Bxc5 8. Bd3
Nc6 9. b4 Bd6 10. Ng5 a5 11. b5 Ne5 12. Bb2 Re8 13. Qe2 Qc7 14. b6 Qxb6 15. Na4
Qc7 16. Bd4 Nxd3+ 17. Qxd3 e5 18. Bb6 Qc4 19. Qxc4 dxc4 20. Bc5 Bxc5 21. Nxc5
b6 22. Nce4 Nxe4 23. Nxe4 Rd8 24. Rb1 Rb8 25. Rb5 f6 26. O-O Bd7 27. Rb2 Bc6
28. Ng3 Rd2 29. Rfb1 b5 30. Nf1 Rd6 31. f3 Rbd8 32. Kf2 Rd1 33. Ke2 Rxb1 34.
Rxb1 Kf7 35. c3 Ke6 36. Nd2 Rd3 37. a4 bxa4 38. Nxc4 Rxc3 39. Nxa5 Rc5 40. Nxc6
Rxc6 41. Kd3 a3 42. Ra1 Ra6 43. Kc4 a2 44. h5 f5 45. Kb3 Kd5 46. Rd1+ Kc5 47.
Rc1+ Kb5 48. Ra1 Ra7 49. Kb2 Kb4 50. g4 fxg4 51. fxg4 h6 52. Kc2 Kc4 0-1

[Event "37. Copenhagen Open (Politiken Cup)"]
[Site "Elsinore"]
[Date "2015.07.25"]
[Round "1"]
[White "Hinrichs, Lars"]
[Black "Andersen, Johnny"]
[Result "1-0"]
[WhiteElo "2205"]
[BlackElo "1795"]
[PlyCount "45"]
[EventDate "2015.07.25"]
[EventType "swiss"]
[EventRounds "10"]
[EventCountry "DEN"]
[Source "ChessBase"]
[SourceDate "2015.09.14"]

1. e4 e6 2. d4 d5 3. Nc3 dxe4 4. Nxe4 Nc6 5. Nf3 Nf6 6. Bd3 Be7 7. c3 b6 8. Qa4
Bd7 9. Qc2 h6 10. Bf4 O-O 11. h4 Rc8 12. Nxf6+ Bxf6 13. g4 Re8 14. O-O-O e5 15.
dxe5 Nxe5 16. Bxe5 Bxe5 17. Nxe5 Rxe5 18. Bf5 Rxf5 19. gxf5 c5 20. Qd2 Rc7 21.
Qd6 Qc8 22. Rhg1 Bxf5 23. Qf6 1-0

[Event "37. Copenhagen Open (Politiken Cup)"]
[Site "Elsinore"]
[Date "2015.07.25"]
[Round "1"]
[White "Hoare, Amy B"]
[Black "Sparvang, Johnny"]
[Result "1-0"]
[WhiteElo "2069"]
[BlackElo "1619"]
[PlyCount "39"]
[EventDate "2015.07.25"]
[EventType "swiss"]
[EventRounds "10"]
[EventCountry "DEN"]
[Source "ChessBase"]
[SourceDate "2015.09.14"]

1. e4 d6 2. d4 Nd7 3. Nc3 g6 4. Be3 Bg7 5. Qd2 e5 6. Nf3 Ne7 7. Bc4 O-O 8.
O-O-O Nb6 9. Bb3 Nc6 10. Bg5 Bf6 11. dxe5 Nxe5 12. h4 Qe7 13. Qf4 Bxg5 14. hxg5
Nxf3 15. gxf3 Qe5 16. Qh4 Qg7 17. e5 dxe5 18. Ne4 h6 19. Nf6+ Kh8 20. Qxh6+ 1-0